Traduction Anglais-Français : Faux-amis - Statistiques

Statistiques générales
  • Ce quiz a été pris 850 fois
    848 depuis la dernière actualisation
  • Le résultat moyen est 19 sur 40
Statistiques - réponses
Anglais Français % Correct
Car Voiture
95%
Arm Bras
93%
To cry Pleurer
90%
Chair Chaise
79%
College L'Université
74%
Library Bibliothèque
73%
Pain Douleur
72%
Bra Soutien-gorge
72%
Chips Frites
70%
Habit Habitude
70%
Advertisement Publicité
70%
Tongue Langue
67%
Pub Bar
66%
Store Magasin
66%
Actually En fait / En vérité
65%
Journey Voyage / Trajet
61%
Médicine Médicament
58%
Engaged Fiancé
55%
Tissue Mouchoir
55%
Evidence Preuves
52%
Mercy Miséricorde / Pitié
50%
Cave Grotte
49%
Pill Pilule
44%
Piece Morceau
43%
Flesh Chair
41%
Résumé CV
38%
To propose Demander en mariage
34%
Location Emplacement / Localisation
34%
Commercial Publicité (à la TV)
34%
Affair Liaison amoureuse
32%
To retire Prendre sa retraite
32%
Envy Jalousie
23%
To demand Exiger
19%
Lecture Conférence / Sermon
17%
Preservative Conservateur
15%
Deception Tromperie
8%
Route Itinéraire
5%
Sensible Raisonnable / Sensé
5%
Wagon Chariot
4%
Notice Préavis
2%
Aucun quiz correspondant
Distribution des résultats
% des personnes avec chaque résultat
Percentile par nombre de réponses
Votre historique - résultats
Vous n’avez pas pris ce quiz depuis la dernière actualisation